| 000 | 00488nam a2200181Ia 4500 | ||
|---|---|---|---|
| 020 | _a1850758026 | ||
| 040 | _cTWV | ||
| 082 | 0 | 4 | _a222 SAP 2001 C150 Or. |
| 100 | 1 | _aProvan, Iain W. | |
| 245 | 1 | 0 | _a1 & 2 Kings / |
| 246 | 3 | _a1 and 2 Kings | |
| 246 | 3 | _aFirst and Second Kings | |
| 260 |
_aSheffield, England : _bSheffield Academic Press, _cc2001. |
||
| 300 |
_a125 p. ; _c22 cm. |
||
| 490 | 0 | _aOld Testament guides | |
| 500 | _aReprint. Originally published: 1997. | ||
| 942 | _cAEDBB | ||
| 999 |
_c18652 _d18652 |
||